Pays avec les plus grands récifs coralliens - Statistiques

Statistiques générales
  • Ce quiz a été pris 14 fois
  • Le résultat moyen est 5 sur 7
Statistiques - réponses
Hint Réponse % Correct
64 000 km² Australie
100%
51 000 km² Indonésie
79%
26 000 km² Philippines
79%
10 000 km² Fidji
71%
8 900 km² Maldives
71%
18 000 km² Papouasie-Nouvelle-Guinée
57%
6 800 km² Arabie Saoudite
21%
Aucun quiz correspondant
Distribution des résultats
% des personnes avec chaque résultat
Percentile par nombre de réponses
Votre historique - résultats
Vous n’avez pas pris ce quiz